| 000 | 01220pam a2200337 a 4500 | ||
|---|---|---|---|
| 001 | 2486980 | ||
| 003 | Ke-BoTe | ||
| 005 | 20220516111837.0 | ||
| 008 | 910822s1991 ilu b 000 0 eng c | ||
| 010 | _a 91020901 | ||
| 020 | _a0830813306 | ||
| 040 |
_aDNLM/DLC _cDLC _dDLC |
||
| 050 | 0 | 0 |
_aRT85.2 _b.S54 1991 |
| 060 | _aWY 85 S545v | ||
| 082 | 0 | 0 |
_a248.8/8 _220 |
| 100 | 1 |
_aShelly, Judith Allen. _92742 |
|
| 245 | 1 | 0 |
_aValues in conflict : _bChristian nursing in a changing profession / _cJudith Allen Shelly & Arlene B. Miller. |
| 260 |
_aDowners Grove, Ill. : _bInterVarsity Press, _c1991. |
||
| 300 |
_a215 p. ; _c21 cm. |
||
| 504 | _aIncludes bibliographical references (p. [209]-215). | ||
| 650 | 0 |
_aNursing _xReligious aspects _xChristianity. _95498 |
|
| 650 | 0 |
_aNursing ethics. _94013 |
|
| 650 | 2 |
_aChristianity. _9313 |
|
| 650 | 2 |
_aEthics, Nursing. _94015 |
|
| 700 | 1 |
_aMiller, Arlene B., _d1935- _95499 |
|
| 740 | 0 | _aChristian nursing in a changing profession. | |
| 856 | 4 | 2 |
_3Contributor biographical information _uhttp://www.loc.gov/catdir/enhancements/fy1007/91020901-b.html |
| 906 |
_a7 _bcbc _corignew _d1 _eocip _f19 _gy-gencatlg |
||
| 942 |
_2lcc _cBK _n0 |
||
| 999 |
_c2688 _d2688 |
||